[Event "FRA-chT1 1011"]
[Site "France"]
[Date "2010.11.13"]
[Round "2.7"]
[White "Eydt, Yoann"]
[Black "Tobitt Jupillat, Eric"]
[Result "1-0"]
[WhiteElo "1732"]
[BlackElo "1605"]
[PlyCount "109"]
[EventDate "2010.10.17"]
[EventType "team-tourn"]
[EventRounds "11"]
[EventCountry "FRA"]
[SourceTitle "EXT 2012"]
[Source "ChessBase"]
[SourceDate "2011.11.24"]
[SourceVersion "1"]
[SourceVersionDate "2011.11.24"]
[SourceQuality "1"]

1. d4 d5 2. Nf3 Nf6 3. c3 e6 4. Bg5 Be7 5. Nbd2 0-0 6. e3 Nbd7 7. Bd3 c5 8. 0-0 b6 9. dxc5 Nxc5 10. Bc2 Bb7 11. Nb3 Nce4 12. Bh4 Qc7 13. Qe2 Rac8 14. Nbd4 Rfd8 15. Nb5 Ba6 16. Bd3 Bxb5 17. Bxb5 Nc5 18. Nd4 Qb7 19. Nb3 Nxb3 20. axb3 Qc7 21. Ra6 Ne4 22. Bxe7 Qxe7 23. Rfa1 Rc7 24. b4 e5 25. f3 Nd6 26. Bd3 Rdd7 27. Rd1 Nc4 28. e4 Qg5 29. exd5 Ne3 30. Re1 Nxd5 31. Qxe5 Qxe5 32. Rxe5 f6 33. Re4 Nxc3 34. Bc4+ Rxc4 35. Rxc4 Rd1+ 36. Kf2 Nb5 37. Ra2 Kf7 38. b3 Rb1 39. Rd2 g5 40. Rd5 a6 41. Rd3 Rb2+ 42. Kg3 Re2 43. Rc6 Re7 44. Rxb6 Ra7 45. Rd8 Kg7 46. Rdb8 Nd4 47. R6b7+ Rxb7 48. Rxb7+ Kg6 49. Rb6 Nxb3 50. Rxa6 Nd4 51. h4 Nf5+ 52. Kf2 Nxh4 53. b5 Nf5 54. b6 Nd6 55. Ra8 1-0